Loading...
| Science - Other Science | 1 | 3 | 0 | 1 | 45 | 28 | 75.50 | 2 | 2 |
| Current Events | 1 | 1 | 0 | 0 | 25 | 48 | 69.00 | 1 | 1 |
| Science - Chemistry | 0 | 2 | 0 | 1 | 20 | 125 | 133.00 | 0 | 0 |
| Social Science | 0 | 2 | 1 | 1 | 15 | 67 | 94.00 | 0 | 2 |
| History - European History | 1 | 0 | 0 | 0 | 15 | 46 | 46.00 | 0 | 1 |
| Literature - British Literature | 1 | 0 | 0 | 1 | 15 | 45 | 45.00 | 1 | 1 |
| Literature - American Literature | 0 | 1 | 0 | 0 | 10 | 76 | 76.00 | 0 | 1 |
| Fine Arts - Other Fine Arts | 0 | 1 | 0 | 0 | 10 | 85 | 85.00 | 0 | 1 |
| Mythology | 0 | 1 | 0 | 0 | 10 | 80 | 80.00 | 1 | 1 |
| Philosophy | 0 | 1 | 0 | 1 | 10 | 119 | 119.00 | 0 | 0 |
| History - American History | 0 | 1 | 0 | 1 | 10 | 137 | 137.00 | 0 | 0 |
| History - World History | 0 | 1 | 0 | 1 | 10 | 129 | 129.00 | 0 | 0 |
| History - Other History | 0 | 1 | 0 | 1 | 10 | 135 | 135.00 | 0 | 0 |
| Science - Biology | 0 | 1 | 1 | 0 | 5 | 76 | 76.00 | 1 | 1 |
| Science - Physics | 0 | 0 | 1 | 0 | -5 | 0.00 | 0 | 0 |